书目信息 |
| 题名: |
海外行踪
|
|
| 作者: | 萧乾 著 | |
| 分册: | ||
| 出版信息: | 长沙 湖南人民出版社 1983 |
|
| 页数: | 293页 | |
| 开本: | 19cm | |
| 丛书名: | 现代中国人看世界 | |
| 单 册: | ||
| 中图分类: | K919 , I253 | |
| 科图分类: | ||
| 主题词: | 游记--世界--选集 , 报告文学--中国 , 传记文学--中国 | |
| 电子资源: | ||
| ISBN: | ||
| 000 | 00724oam2 2200277 450 | |
| 001 | 1557146566 | |
| 005 | 20150120155248.64 | |
| 010 | @dCNY0.92 | |
| 091 | @a11109.209 | |
| 100 | @a19971124d1983 em y0chiy0110 ea | |
| 101 | 0 | @achi |
| 102 | @aCN@b430000 | |
| 105 | @ay z 000yy | |
| 200 | 1 | @a海外行踪@9hai wai xing zong@f萧乾著 |
| 210 | @a长沙@c湖南人民出版社@d1983 | |
| 215 | @a293页@d19cm | |
| 225 | 2 | @a现代中国人看世界 |
| 461 | 0 | @12001 @a现代中国人看世界 |
| 606 | 0 | @a游记@y世界@x选集 |
| 606 | 0 | @a报告文学@x中国 |
| 606 | 0 | @a传记文学@x中国 |
| 690 | @aK919@v5 | |
| 690 | @aI253@v4 | |
| 701 | 0 | @c(蒙族)@a萧乾@9xiao qian@f(1910~1999.3)@4著 |
| 801 | 0 | @aCN@bTSSF@c20150120 |
| 905 | @aZUCC@dI253@eJY3 | |
| 海外行踪/萧乾著.-长沙:湖南人民出版社,1983 |
| 293页;19cm.-(现代中国人看世界) |
| ISBN :CNY0.92 |
| ● |
| 相关链接 |
|
|
|
|
正题名:海外行踪
索取号:I253/JY3
 
预约/预借
| 序号 | 登录号 | 条形码 | 馆藏地/架位号 | 状态 | 备注 |
| 1 | 7849441 | 278494416 | 学院路分馆/ [索取号:I253/JY3] | 在馆 | |
| 2 | 7849442 | 278494425 | 学院路分馆/ [索取号:I253/JY3] | 在馆 |